| 000 | 01460 a2200181 4500 | ||
|---|---|---|---|
| 001 | 118702 | ||
| 082 | _a813 | ||
| 100 | _aFitzgerald, F. Scott | ||
| 300 | _a156 p | ||
| 520 | _aNos tempos de Jay Gatsby, o jazz é a música do momento, a riqueza parece estar em toda parte, o gim é a bebida nacional (apesar da lei seca) e o sexo se torna uma obsessão americana. O protagonista deste romance é um generoso e misterioso anfitrião que abre a sua luxuosa mansão às festas mais extravagantes. O livro é narrado pelo aristocrata falido Nick Carraway, que vai para Nova York trabalhar como corretor de títulos. Passa a conviver com a prima, Daisy, por quem Gatsby é apaixonado, o marido dela, Tom Buchanan, e a golfista Jordan Baker, todos integrantes da aristocracia tradicional. Na raiz do drama, como nos outros livros de Fitzgerald, está o dinheiro. Mas o romantismo obsessivo de Gatsby com relação a Daisy se contrapõe ao materialismo do sonho americano, traduzido exclusivamente em riqueza. Aclamado pelos críticos desde a publicação, em 1925, O grande Gatsby é a obra-prima de Scott Fitzgerald, ícone da “geração perdida” e dos expatriados que foram para a Europa nos anos 1920. | ||
| 697 | _aLiteratura americana | ||
| 856 | _u000031/000031db.jpeg | ||
| 040 |
_aBR-BrIDEA _cBR-BrIDEA |
||
| 090 |
_aYear 10 813 _bFIT |
||
| 245 | 1 | 0 |
_aO grande Gatsby _cF. Scott Fitzgerald |
| 260 |
_aRio de Janeiro _bBorsoi _c[s.d.] |
||
| 942 | _cBK | ||
| 999 |
_c118702 _d118702 |
||